[Event "Acqui Terme Seniors op 50"]
[Site "Acqui Terme"]
[Date "2024.06.16"]
[Round "9"]
[White "Cap, Piotr"]
[Black "Battistella, Stefano"]
[Result "1-0"]
[WhiteElo "2122"]
[BlackElo "2003"]
[PlyCount "67"]
[EventDate "2024.06.08"]
[EventType "swiss"]
[EventRounds "9"]
[EventCountry "ITA"]
[SourceTitle "CBM 220 Extra"]
[Source "ChessBase"]
[SourceDate "2024.07.31"]
[SourceVersion "1"]
[SourceVersionDate "2024.07.31"]
[SourceQuality "1"]

1. d4 d5 2. Nf3 Nc6 3. Bf4 Bf5 4. a3 e6 5. e3 Bd6 6. Bg3 Bg4 7. Be2 Nh6 8. Nbd2 Nf5 9. c4 Nxg3 10. hxg3 dxc4 11. Nxc4 a6 12. Rc1 Rb8 13. Qc2 h6 14. Bd3 Bxf3 15. gxf3 e5 16. d5 Ne7 17. e4 0-0 18. 0-0 Ng6 19. Qd2 Be7 20. Rc2 h5 21. Qc3 Bd6 22. Kg2 h4 23. Qd2 Kh7 24. Rh1 Rh8 25. f4 Kg8 26. fxe5 Bxe5 27. f4 h3+ 28. Kh2 Bd4 29. Ne3 c5 30. Nf5 Qf6 31. Be2 Rd8 32. Nxd4 cxd4 33. Rd1 Ne5 34. Qxd4 1-0

[Event "Arco op 40th"]
[Site "Arco"]
[Date "2018.10.20"]
[Round "8"]
[White "Battistella, Stefano"]
[Black "Rocchetti, Marco"]
[Result "1-0"]
[WhiteElo "2065"]
[BlackElo "1808"]
[PlyCount "49"]
[EventDate "2018.10.13"]
[EventType "swiss"]
[EventRounds "9"]
[EventCountry "ITA"]
[SourceTitle "CBM 186 Extra"]
[Source "ChessBase"]
[SourceDate "2018.08.24"]
[SourceVersion "1"]
[SourceVersionDate "2018.08.24"]
[SourceQuality "1"]

1. c4 e5 2. g3 g6 3. Bg2 Bg7 4. Nc3 Nf6 5. d3 0-0 6. e4 d6 7. Nge2 c6 8. 0-0 Ne8 9. Be3 Be6 10. Qd2 Na6 11. b3 Qd7 12. d4 Qc8 13. f4 f5 14. fxe5 dxe5 15. dxe5 Bxe5 16. Nd4 Ng7 17. Rad1 Rd8 18. Qf2 Rf8 19. Qd2 Rd8 20. Qc1 fxe4 21. Nxe4 Bg4 22. Nf3 Qc7 23. Rxd8+ Rxd8 24. Nxe5 Qxe5 25. Nf6+ 1-0

[Event "Arco op 40th"]
[Site "Arco"]
[Date "2018.10.16"]
[Round "4"]
[White "Battistella, Stefano"]
[Black "Gasperoni, Claudio"]
[Result "0-1"]
[WhiteElo "2065"]
[BlackElo "1751"]
[PlyCount "94"]
[EventDate "2018.10.13"]
[EventType "swiss"]
[EventRounds "9"]
[EventCountry "ITA"]
[SourceTitle "CBM 186 Extra"]
[Source "ChessBase"]
[SourceDate "2018.08.24"]
[SourceVersion "1"]
[SourceVersionDate "2018.08.24"]
[SourceQuality "1"]

1. c4 c6 2. e4 d5 3. exd5 cxd5 4. cxd5 Qxd5 5. Nc3 Qd8 6. d4 Nf6 7. Nf3 g6 8. Bc4 Bg7 9. 0-0 0-0 10. h3 b6 11. Qe2 Bb7 12. Rd1 Nd5 13. Ne5 e6 14. Be3 Nxc3 15. bxc3 Nd7 16. Bf4 Rc8 17. Ng4 h5 18. Ne3 Nf6 19. Be5 Ne4 20. Bxg7 Kxg7 21. Qb2 Qg5 22. d5 exd5 23. Bxd5 Bxd5 24. Nxd5 Rc5 25. c4+ Nf6 26. f4 Qf5 27. Re1 Rxc4 28. Ne3 Qc5 29. Kh2 Rxf4 30. Rac1 Qd4 31. Qa3 Re4 32. Kh1 Rfe8 33. Nc2 Rxe1+ 34. Rxe1 Rxe1+ 35. Nxe1 Qa1 36. Qe3 Qxa2 37. Kh2 Qe6 38. Qc3 Qd6+ 39. Kh1 Kh7 40. Nf3 Qf4 41. Qa3 Ne4 42. h4 a5 43. Qe7 Kg7 44. Qd7 Nf2+ 45. Kg1 Ng4 46. Qd1 Qe3+ 47. Kf1 Qf2# 0-1

[Event "Forni di Sopra op 9th"]
[Site "Forni di Sopra"]
[Date "2018.06.15"]
[Round "8"]
[White "Vezzosi, Paolo"]
[Black "Battistella, Stefano"]
[Result "1-0"]
[WhiteElo "2316"]
[BlackElo "2054"]
[PlyCount "55"]
[EventDate "2018.06.09"]
[EventType "swiss"]
[EventRounds "9"]
[EventCountry "ITA"]
[SourceTitle "CBM 184 Extra"]
[Source "ChessBase"]
[SourceDate "2018.06.28"]
[SourceVersion "1"]
[SourceVersionDate "2018.06.28"]
[SourceQuality "1"]

1. e4 g6 2. d4 Bg7 3. c4 d6 4. Be2 Nc6 5. Be3 e5 6. Nf3 Bg4 7. d5 Bxf3 8. Bxf3 Nd4 9. Nc3 c5 10. 0-0 Nf6 11. g3 0-0 12. Bg2 Qd7 13. f3 a6 14. Rf2 b5 15. Qf1 Rab8 16. Bh3 Qe8 17. b3 b4 18. Na4 Nh5 19. Qd3 f5 20. Bxd4 fxe4 21. fxe4 exd4 22. Be6+ Kh8 23. Raf1 Qe7 24. Rxf8+ Rxf8 25. Rxf8+ Qxf8 26. Nb6 Bh6 27. Nd7 Be3+ 28. Qxe3 1-0

[Event "Forni di Sopra op 9th"]
[Site "Forni di Sopra"]
[Date "2018.06.13"]
[Round "6"]
[White "De Santis, Alessio"]
[Black "Battistella, Stefano"]
[Result "1/2-1/2"]
[WhiteElo "2260"]
[BlackElo "2054"]
[PlyCount "27"]
[EventDate "2018.06.09"]
[EventType "swiss"]
[EventRounds "9"]
[EventCountry "ITA"]
[SourceTitle "CBM 184 Extra"]
[Source "ChessBase"]
[SourceDate "2018.06.28"]
[SourceVersion "1"]
[SourceVersionDate "2018.06.28"]
[SourceQuality "1"]

1. b3 e5 2. Bb2 Nc6 3. e3 Nf6 4. Nf3 e4 5. Nd4 Nxd4 6. Bxd4 Be7 7. c4 0-0 8. Be2 d6 9. Qc2 b6 10. f4 Bb7 11. Nc3 c5 12. Bxf6 Bxf6 13. Rd1 Re8 14. 0-0 1/2-1/2

[Event "Bad Woerishofen op 34th"]
[Site "Bad Woerishofen"]
[Date "2018.03.01"]
[Round "7"]
[White "Battistella, Stefano"]
[Black "Lochte, Thomas"]
[Result "0-1"]
[WhiteElo "2051"]
[BlackElo "2120"]
[PlyCount "62"]
[EventDate "2018.02.23"]
[EventType "swiss"]
[EventRounds "9"]
[EventCountry "GER"]
[SourceTitle "CBM 183 Extra"]
[Source "ChessBase"]
[SourceDate "2018.04.19"]
[SourceVersion "1"]
[SourceVersionDate "2018.04.19"]
[SourceQuality "1"]

1. Nf3 Nf6 2. b3 d5 3. Bb2 Bf5 4. d3 Nc6 5. Nh4 Qd7 6. Nxf5 Qxf5 7. e3 e5 8. Nd2 0-0-0 9. h3 e4 10. g4 Qe6 11. g5 Nd7 12. d4 h6 13. Rg1 hxg5 14. Rxg5 Be7 15. Rxg7 Rdg8 16. Rg4 f5 17. Rxg8+ Rxg8 18. Qe2 Nb4 19. Nb1 f4 20. exf4 e3 21. a3 Nxc2+ 22. Kd1 Nxa1 23. Bxa1 Qe4 24. Qd3 exf2 25. Qxe4 dxe4 26. Ke2 Rg3 27. Nd2 Rd3 28. Bb2 Nf6 29. b4 Nd5 30. Nxe4 Re3+ 31. Kd2 Rxe4 0-1

[Event "Bad Woerishofen op 34th"]
[Site "Bad Woerishofen"]
[Date "2018.02.23"]
[Round "1"]
[White "Pap, Misa"]
[Black "Battistella, Stefano"]
[Result "1-0"]
[WhiteElo "2483"]
[BlackElo "2051"]
[PlyCount "87"]
[EventDate "2018.02.23"]
[EventType "swiss"]
[EventRounds "9"]
[EventCountry "GER"]
[SourceTitle "CBM 183 Extra"]
[Source "ChessBase"]
[SourceDate "2018.04.19"]
[SourceVersion "1"]
[SourceVersionDate "2018.04.19"]
[SourceQuality "1"]

1. e4 c5 2. Nf3 Nc6 3. c3 d5 4. exd5 Qxd5 5. d4 Bf5 6. dxc5 Qxd1+ 7. Kxd1 e6 8. Be3 Nf6 9. Bb5 Nd5 10. Nd4 Nxe3+ 11. fxe3 0-0-0 12. Ke2 Bg4+ 13. Kf2 Kc7 14. Bxc6 bxc6 15. b4 e5 16. Nf3 f6 17. Nbd2 Be7 18. Ne4 Bf5 19. Ng3 Be6 20. Rhd1 a5 21. a3 g6 22. Ne4 Bb3 23. Rxd8 Rxd8 24. Ned2 Be6 25. Ke2 g5 26. e4 h5 27. Ne1 f5 28. exf5 Bxf5 29. Nc4 a4 30. h3 g4 31. Ne3 Be6 32. hxg4 hxg4 33. Nd3 e4 34. Nf4 Bc8 35. Rh1 Bf6 36. Rh7+ Kb8 37. c4 Ba6 38. Rh6 Bb2 39. Rxc6 Bb7 40. Rb6 Ka7 41. Nfd5 Bxd5 42. Nxd5 Bxa3 43. c6 Bc1 44. Rb7+ 1-0

[Event "Arco op-A 39th"]
[Site "Arco"]
[Date "2017.10.13"]
[Round "7"]
[White "Voltolini, Giuseppe"]
[Black "Battistella, Stefano"]
[Result "1-0"]
[WhiteElo "2152"]
[BlackElo "2041"]
[PlyCount "59"]
[EventDate "2017.10.07"]
[EventType "swiss"]
[EventRounds "9"]
[EventCountry "ITA"]
[SourceTitle "CBM 181 Extra"]
[Source "ChessBase"]
[SourceDate "2017.12.12"]
[SourceVersion "1"]
[SourceVersionDate "2017.12.12"]
[SourceQuality "1"]

1. d4 d5 2. c4 c6 3. Nf3 Nf6 4. e3 Bg4 5. Nc3 e6 6. h3 Bh5 7. g4 Bg6 8. Ne5 Nbd7 9. h4 Nxe5 10. dxe5 Nd7 11. cxd5 exd5 12. h5 Be4 13. f3 Bxf3 14. Qxf3 Nxe5 15. Qf5 Qd6 16. Bg2 g6 17. Qf4 0-0-0 18. Bd2 h6 19. 0-0-0 Be7 20. hxg6 fxg6 21. Rxh6 Rhf8 22. Qh2 Bg5 23. Rh3 Qe6 24. a3 b5 25. Rh7 Qd6 26. Kb1 Rd7 27. Rxd7 Kxd7 28. Bc1 Be7 29. Bf1 Rb8 30. Bxb5 1-0

[Event "World Amateur-ch U2300"]
[Site "Spoleto"]
[Date "2017.04.07"]
[Round "8"]
[White "Battistella, Stefano"]
[Black "Quinzio, Martin Javier"]
[Result "1-0"]
[WhiteElo "2067"]
[BlackElo "2013"]
[PlyCount "39"]
[EventDate "2017.04.01"]
[EventType "swiss"]
[EventRounds "9"]
[EventCountry "ITA"]
[SourceTitle "CBM 177 Extra"]
[Source "ChessBase"]
[SourceDate "2017.04.27"]
[SourceVersion "1"]
[SourceVersionDate "2017.04.27"]
[SourceQuality "1"]

1. c4 Nf6 2. g3 e6 3. Bg2 d5 4. Nf3 c5 5. cxd5 exd5 6. d4 c4 7. 0-0 Bd6 8. Bg5 h6 9. Bxf6 Qxf6 10. Nc3 Be6 11. e4 dxe4 12. Nxe4 Qd8 13. d5 Bf5 14. Nxd6+ Qxd6 15. Re1+ Kf8 16. Ne5 b5 17. Qf3 g6 18. g4 Nd7 19. Qf4 Re8 20. Nxd7+ 1-0

[Event "Arco op 38th"]
[Site "Arco"]
[Date "2016.10.15"]
[Round "8"]
[White "Joerges, Frank"]
[Black "Battistella, Stefano"]
[Result "1/2-1/2"]
[WhiteElo "1931"]
[BlackElo "2077"]
[PlyCount "39"]
[EventDate "2016.10.08"]
[EventType "swiss"]
[EventRounds "9"]
[EventCountry "ITA"]
[SourceTitle "EXT 2017"]
[Source "ChessBase"]
[SourceDate "2016.10.25"]
[SourceVersion "1"]
[SourceVersionDate "2016.10.25"]
[SourceQuality "1"]

1. d4 Nf6 2. Nf3 d5 3. e3 c5 4. c3 Nbd7 5. Bd3 g6 6. Nbd2 Bg7 7. Qe2 0-0 8. 0-0 Re8 9. e4 cxd4 10. cxd4 dxe4 11. Nxe4 Nxe4 12. Bxe4 Nf6 13. Bd3 Qd6 14. Be3 Nd5 15. Rac1 a6 16. Qd2 Bf5 17. Bxf5 gxf5 18. g3 Rac8 19. Rxc8 Rxc8 20. Rc1 1/2-1/2

[Event "Arco op 38th"]
[Site "Arco"]
[Date "2016.10.12"]
[Round "5"]
[White "Marzano, Carlo"]
[Black "Battistella, Stefano"]
[Result "1-0"]
[WhiteElo "2230"]
[BlackElo "2077"]
[PlyCount "75"]
[EventDate "2016.10.08"]
[EventType "swiss"]
[EventRounds "9"]
[EventCountry "ITA"]
[SourceTitle "EXT 2017"]
[Source "ChessBase"]
[SourceDate "2016.10.25"]
[SourceVersion "1"]
[SourceVersionDate "2016.10.25"]
[SourceQuality "1"]

1. Nf3 g6 2. d4 Bg7 3. c4 d6 4. Nc3 Bg4 5. e3 c5 6. dxc5 dxc5 7. Qxd8+ Kxd8 8. Bd2 Nc6 9. 0-0-0 Ke8 10. h3 Bd7 11. Nd5 Rc8 12. Be2 b6 13. g4 Nf6 14. Bc3 Rg8 15. Nf4 Ne4 16. Bxg7 Rxg7 17. Rhf1 g5 18. Nh5 Rg6 19. Bd3 Nd6 20. Bxg6 hxg6 21. Nf6+ Kd8 22. Nxd7 Kxd7 23. Nxg5 Ke8 24. b3 f6 25. Ne6 g5 26. Ng7+ Kf7 27. Nf5 Nxf5 28. gxf5 Rh8 29. Rh1 Ne5 30. Kd2 Rh4 31. Ke2 Ke8 32. f3 a6 33. Kf2 Nc6 34. Kg3 Nb4 35. Rd2 Nc6 36. Rhd1 b5 37. cxb5 axb5 38. Rd5 1-0

[Event "Arco op 37th"]
[Site "Arco"]
[Date "2015.10.18"]
[Round "9"]
[White "Sardo, Gabriele"]
[Black "Battistella, Stefano"]
[Result "1-0"]
[WhiteElo "2155"]
[BlackElo "2068"]
[PlyCount "43"]
[EventDate "2015.10.10"]
[EventType "swiss"]
[EventRounds "9"]
[EventCountry "ITA"]
[SourceTitle "CBM 168 Extra"]
[Source "ChessBase"]
[SourceDate "2015.10.29"]
[SourceVersion "1"]
[SourceVersionDate "2015.10.29"]
[SourceQuality "1"]

1. d4 Nf6 2. c4 c5 3. d5 e5 4. Nc3 d6 5. e4 Be7 6. g3 0-0 7. Bg2 Ne8 8. Nge2 Bg5 9. 0-0 Bxc1 10. Nxc1 f5 11. Nd3 g6 12. f4 Nd7 13. Qe2 fxe4 14. Nxe4 b5 15. cxb5 Qb6 16. Kh1 Qxb5 17. fxe5 c4 18. Rxf8+ Nxf8 19. e6 cxd3 20. Qf2 Nxe6 21. Rf1 N8g7 22. Qf7+ 1-0

[Event "Arco op 37th"]
[Site "Arco"]
[Date "2015.10.17"]
[Round "8"]
[White "Battistella, Stefano"]
[Black "Paleologu, Vladimir"]
[Result "1/2-1/2"]
[WhiteElo "2068"]
[BlackElo "2147"]
[PlyCount "29"]
[EventDate "2015.10.10"]
[EventType "swiss"]
[EventRounds "9"]
[EventCountry "ITA"]
[SourceTitle "CBM 168 Extra"]
[Source "ChessBase"]
[SourceDate "2015.10.29"]
[SourceVersion "1"]
[SourceVersionDate "2015.10.29"]
[SourceQuality "1"]

1. c4 e5 2. g3 Nf6 3. Bg2 d5 4. cxd5 Nxd5 5. Nc3 Nb6 6. d3 Nc6 7. Be3 Be7 8. Bxc6+ bxc6 9. Nf3 f6 10. d4 Nc4 11. Qa4 Nxe3 12. fxe3 Qd6 13. Rd1 e4 14. Nxe4 Qb4+ 15. Qxb4 1/2-1/2

[Event "Milan Crespi op-A 35th"]
[Site "Milan"]
[Date "2014.12.13"]
[Round "9"]
[White "Garano, Nicola"]
[Black "Battistella, Stefano"]
[Result "1-0"]
[WhiteElo "2189"]
[BlackElo "2055"]
[PlyCount "63"]
[EventDate "2014.12.06"]
[EventType "swiss"]
[EventRounds "9"]
[EventCountry "ITA"]
[SourceTitle "EXT 2016"]
[Source "ChessBase"]
[SourceDate "2015.10.08"]
[SourceVersion "1"]
[SourceVersionDate "2015.10.08"]
[SourceQuality "1"]

1. e4 g6 2. d4 Bg7 3. Nf3 d6 4. Be3 Nf6 5. Nc3 c6 6. h3 0-0 7. Bd3 b5 8. e5 dxe5 9. Nxe5 Nd5 10. Qf3 Nxc3 11. bxc3 Be6 12. 0-0 Bd5 13. Qg3 Nd7 14. a4 a6 15. a5 c5 16. Rfd1 c4 17. Be2 Nf6 18. Bf4 Be4 19. Re1 Rc8 20. Qe3 Qd5 21. g4 Bxc2 22. Bf3 Qe6 23. Qd2 Be4 24. Bxe4 Nd5 25. Nf3 Rfd8 26. Bf5 Qc6 27. Bxc8 Rxc8 28. Ne5 Qb7 29. Qc1 f6 30. Nf3 Nb4 31. cxb4 Qxf3 32. Qe3 1-0

[Event "Milan Crespi op-A 35th"]
[Site "Milan"]
[Date "2014.12.09"]
[Round "5"]
[White "Gedajlovic, Max"]
[Black "Battistella, Stefano"]
[Result "1-0"]
[WhiteElo "2104"]
[BlackElo "2055"]
[PlyCount "119"]
[EventDate "2014.12.06"]
[EventType "swiss"]
[EventRounds "9"]
[EventCountry "ITA"]
[SourceTitle "EXT 2016"]
[Source "ChessBase"]
[SourceDate "2015.10.08"]
[SourceVersion "1"]
[SourceVersionDate "2015.10.08"]
[SourceQuality "1"]

1. d4 Nf6 2. Nf3 e6 3. e3 b6 4. Bd3 Bb7 5. Nbd2 c5 6. 0-0 Be7 7. b3 Nc6 8. a3 0-0 9. Bb2 d5 10. Ne5 Nxe5 11. dxe5 Ne4 12. Qe2 Nxd2 13. Qxd2 c4 14. Be2 Ba6 15. b4 Rc8 16. Bc3 f5 17. a4 Bb7 18. Ra2 a6 19. Bd4 Rb8 20. c3 Bc8 21. Bd1 Bd7 22. g3 g5 23. f4 g4 24. h3 h5 25. Qh2 Kg7 26. Rg2 Rh8 27. Kf2 Qe8 28. Rh1 Bxa4 29. hxg4 Bxd1 30. gxf5 Qa4 31. f6+ Bxf6 32. exf6+ Kf7 33. Re1 Bg4 34. Kg1 Qc6 35. Rb2 Bf3 36. Kf2 Be4 37. Ke2 Qa4 38. Kf1 Qc6 39. Ra1 b5 40. Rba2 Ra8 41. Ra5 h4 42. g4 h3 43. f5 exf5 44. Rxa6 fxg4 45. Ra7+ Kg6 46. Qf4 Kh5 47. Qe5+ Kh4 48. f7 Rh5 49. Qf6+ Qxf6+ 50. Bxf6+ Kg3 51. Rxa8 Rf5+ 52. Ke2 Rf2+ 53. Ke1 Rg2 54. f8Q h2 55. Qh6 Rg1+ 56. Kd2 Rg2+ 57. Kc1 Rc2+ 58. Kd1 h1Q+ 59. Qxh1 Bxh1 60. Kxc2 1-0

[Event "Arco op 36th"]
[Site "Arco"]
[Date "2014.10.08"]
[Round "5"]
[White "Battistella, Stefano"]
[Black "Perman, Sergey"]
[Result "0-1"]
[WhiteElo "2045"]
[BlackElo "2150"]
[PlyCount "81"]
[EventDate "2014.10.04"]
[EventType "swiss"]
[EventRounds "9"]
[EventCountry "ITA"]
[SourceTitle "CBM 162 Extra"]
[Source "ChessBase"]
[SourceDate "2014.10.17"]
[SourceVersion "1"]
[SourceVersionDate "2014.10.17"]
[SourceQuality "1"]

1. d4 g6 2. c4 Bg7 3. e4 d6 4. Nc3 Nf6 5. f3 0-0 6. Be3 c5 7. Nge2 b6 8. Qd2 Nc6 9. d5 Ne5 10. Ng3 h5 11. Be2 a6 12. 0-0 e6 13. a4 exd5 14. cxd5 Nh7 15. f4 Ng4 16. Bxg4 Bxg4 17. h3 Bd7 18. a5 h4 19. Nge2 bxa5 20. e5 Bf5 21. exd6 Qxd6 22. Rxa5 Rfc8 23. Na4 Nf6 24. Nec3 Nd7 25. b3 Rab8 26. Nb2 Rxb3 27. Nc4 Qf6 28. Ne2 Bd3 29. Ne5 Nxe5 30. fxe5 Qxe5 31. Nc1 Bxf1 32. Nxb3 c4 33. Nd4 c3 34. Qf2 Bd3 35. Nc2 Bxc2 36. Rxa6 Bf5 37. Rc6 Rxc6 38. dxc6 c2 39. Bc1 Qa1 40. Qd2 Bb2 41. Kh2 0-1

[Event "Arco op 36th"]
[Site "Arco"]
[Date "2014.10.05"]
[Round "2"]
[White "Drasko, Milan"]
[Black "Battistella, Stefano"]
[Result "1-0"]
[WhiteElo "2434"]
[BlackElo "2045"]
[PlyCount "62"]
[EventDate "2014.10.04"]
[EventType "swiss"]
[EventRounds "9"]
[EventCountry "ITA"]
[SourceTitle "CBM 162 Extra"]
[Source "ChessBase"]
[SourceDate "2014.10.17"]
[SourceVersion "1"]
[SourceVersionDate "2014.10.17"]
[SourceQuality "1"]

1. Nf3 d5 2. g3 Nf6 3. Bg2 c6 4. 0-0 Bf5 5. d3 h6 6. c4 e6 7. Be3 dxc4 8. dxc4 Nbd7 9. Nc3 Be7 10. Nd4 Bg4 11. h3 Bh5 12. a3 0-0 13. Rc1 Bg6 14. Na4 e5 15. Nf3 Qc7 16. b4 Rfd8 17. Qb3 Bf5 18. Qb2 Ne4 19. Rfd1 Bf6 20. Nh2 Ng5 21. g4 Bg6 22. Nc3 Nb6 23. Rxd8+ Rxd8 24. Qa2 Ne6 25. Nd5 Nxd5 26. cxd5 Nf4 27. Bxf4 exf4 28. dxc6 f3 29. Bxf3 Bd4 30. Nf1 bxc6 31. Rxc6 Bb1 1-0

[Event "Milan Carnevale op-A 5th"]
[Site "Milan"]
[Date "2014.03.09"]
[Round "5"]
[White "Podetti, Davide"]
[Black "Battistella, Stefano"]
[Result "1/2-1/2"]
[WhiteElo "1824"]
[BlackElo "2063"]
[PlyCount "65"]
[EventDate "2014.03.05"]
[EventType "swiss"]
[EventRounds "6"]
[EventCountry "ITA"]
[SourceTitle "EXT 2015"]
[Source "ChessBase"]
[SourceDate "2014.11.20"]
[SourceVersion "1"]
[SourceVersionDate "2014.11.20"]
[SourceQuality "1"]

1. e4 e5 2. Nf3 Nf6 3. Nxe5 d6 4. Nf3 Nxe4 5. d4 d5 6. Bd3 Be7 7. 0-0 Nc6 8. c3 0-0 9. Re1 Bf5 10. Qc2 Bg6 11. b4 a6 12. Nbd2 f5 13. a3 b5 14. a4 Rb8 15. axb5 axb5 16. Ra6 Be8 17. Nb3 Qc8 18. Ra1 Bd6 19. Nc5 Nd8 20. Qb3 Bf7 21. Ng5 Nxg5 22. Bxg5 h6 23. Be7 Nc6 24. Bxf8 Bxf8 25. Qc2 g6 26. Rad1 Bd6 27. Qe2 Ne7 28. Bxb5 c6 29. Ba6 Qc7 30. Ne6 Qd7 31. Nc5 Qc7 32. Ne6 Qd7 33. Nc5 1/2-1/2